Povinnosti obce k mladému dospelému
Znevýhodnenej osobe, ktorou je plnoleté dieťa, ktoré dovŕšilo 26 rokov, poberá dôchodok a je mu poskytovaná opatrovateľská služba, často nepostačuje dôchodok, prípadne iné dávky na úhradu jeho výdavkov. Takáto osoba je odkázaná na pomoc rodičov, ako aj obce. V príspevku autorka prináša vysvetlenie v...
Salvato in:
| Autore principale: | |
|---|---|
| Natura: | Capitolo di libro |
| Lingua: | slovacco |
| Soggetti: | |
| Tags: |
Nessun Tag, puoi essere il primo ad aggiungerne!!
|
MARC
| LEADER | 00000naa a2200000 4500 | ||
|---|---|---|---|
| 001 | 0296517 | ||
| 005 | 20240417075249.5 | ||
| 041 | 0 | |a slo | |
| 044 | |a SK | ||
| 245 | 1 | 0 | |a Povinnosti obce k mladému dospelému |c Judita Mereššová |
| 520 | |a Znevýhodnenej osobe, ktorou je plnoleté dieťa, ktoré dovŕšilo 26 rokov, poberá dôchodok a je mu poskytovaná opatrovateľská služba, často nepostačuje dôchodok, prípadne iné dávky na úhradu jeho výdavkov. Takáto osoba je odkázaná na pomoc rodičov, ako aj obce. V príspevku autorka prináša vysvetlenie vyživovacej povinnosti rodiča, ako aj povinnosti obce poskytnúť mladému dospelému finančné kompenzácie. | ||
| 610 | 2 | 0 | |a mladiství |
| 610 | 2 | 0 | |a osoby znevýhodnené |
| 610 | 2 | 0 | |a povinnosť vyživovacia |
| 610 | 2 | 0 | |a služby sociálne |
| 610 | 2 | 0 | |a príspevky sociálne |
| 610 | 2 | 0 | |a pomoc finančná |
| 610 | 2 | 0 | |a obce |
| 100 | 1 | |a Mereššová, Judita | |